Windows 3.1 Snadno a rychle

Enregistré dans:
Détails bibliographiques
Auteur principal: Hruška, Michael
Format: Livre
Langue:tchèque
Publié: Praha Grada 1993
Édition:1. vyd.
Sujets:
Tags: Ajouter un tag
Pas de tags, Soyez le premier à ajouter un tag!

MARC

LEADER 00000nam a2200000 4500
001 c005694
005 20221206075239.2
020 |a 80-7169-016-3 
041 0 |a cze 
044 |a CZ 
245 1 0 |a Windows 3.1  |b Snadno a rychle  |c Michael Hruška 
250 |a 1. vyd. 
264 1 |a Praha  |b Grada  |c 1993 
300 |a 140 s. 
610 2 0 |a MS Windows 3.1 
610 2 0 |a programy používateľské 
610 2 0 |a softvér 
100 1 |a Hruška, Michael